<?xml version="1.0" encoding="UTF-8"?><?xml-stylesheet type="text/xsl" href="static/style.xsl"?><OAI-PMH xmlns="http://www.openarchives.org/OAI/2.0/" xmlns:xsi="http://www.w3.org/2001/XMLSchema-instance" xsi:schemaLocation="http://www.openarchives.org/OAI/2.0/ http://www.openarchives.org/OAI/2.0/OAI-PMH.xsd"><responseDate>2026-04-17T21:38:37Z</responseDate><request verb="GetRecord" identifier="oai:www.recercat.cat:2099.1/21666" metadataPrefix="marc">https://recercat.cat/oai/request</request><GetRecord><record><header><identifier>oai:recercat.cat:2099.1/21666</identifier><datestamp>2025-07-22T16:04:16Z</datestamp><setSpec>com_2072_1033</setSpec><setSpec>col_2072_452951</setSpec></header><metadata><record xmlns="http://www.loc.gov/MARC21/slim" xmlns:dcterms="http://purl.org/dc/terms/" xmlns:xsi="http://www.w3.org/2001/XMLSchema-instance" xmlns:doc="http://www.lyncode.com/xoai" xsi:schemaLocation="http://www.loc.gov/MARC21/slim http://www.loc.gov/standards/marcxml/schema/MARC21slim.xsd">
   <leader>00925njm 22002777a 4500</leader>
   <datafield ind2=" " ind1=" " tag="042">
      <subfield code="a">dc</subfield>
   </datafield>
   <datafield ind2=" " ind1=" " tag="720">
      <subfield code="a">Cano Muñoz, Alberto Carlos</subfield>
      <subfield code="e">author</subfield>
   </datafield>
   <datafield ind2=" " ind1=" " tag="260">
      <subfield code="c">2014-04-11</subfield>
   </datafield>
   <datafield ind2=" " ind1=" " tag="520">
      <subfield code="a">[ANGLÈS] Nowadays, despite of the rollout by mobile operators with base stations in Catalonia, we can detect urbanized areas of country that don't have mobile service availability to call 112 Emergency Service. Some of these urban areas without mobile phone coverage are located in complex orographic regions and, therefore, the electromagnetic waves emitted by the base stations don't propagate properly. This situation requires a deployment of a new wireless infrastructure to resolve these deficiencies. The goal of this project is to identify and to validate a deficient urban area of mobile phone service 112, and finally we propose a telecommunications infrastructure that would provide a solution to the gap coverage, previous validation with radio simulation software.</subfield>
   </datafield>
   <datafield ind2=" " ind1=" " tag="520">
      <subfield code="a">[CASTELLÀ] Actualmente, a pesar del despliegue realizado por los principales operadores de telefonía móvil con infraestructuras propias en el territorio catalán, se pueden detectar zonas urbanizadas del territorio que no tienen disponibilidad del servicio de telefonía móvil 112 en exteriores. Algunas de estas zonas urbanizadas que presentan deficiencia de cobertura son aquellas que están ubicadas en zonas orográficas complejas y que, por tanto, las ondas electromagnéticas emitidas por las estaciones bases no penetran. Estas zonas requieren de un despliegue de nuevas infraestructuras de telefonía móvil para resolver estas deficiencias. Este proyecto realiza el estudio de cobertura para identificar y validar una zona deficiente del servicio de telefonía móvil 112 y propone el diseño de una infraestructura de telecomunicaciones que daría solución a la zona deficiente, previa validación con herramientas de simulación radioeléctrica y visita a campo.</subfield>
   </datafield>
   <datafield ind2=" " ind1=" " tag="520">
      <subfield code="a">[CATALÀ] Actualment, tot i el desplegament realitzat pels principals operadors de telefonia mòbil amb infraestructures pròpies al territori català, es poden detectar zones urbanitzades del territori que no tenen disponibilitat del servei de telefonia mòbil 112 en exteriors. Algunes d’aquestes zones urbanitzades que presenten deficiència de cobertura són aquelles que estan ubicades en zones orogràfiques complexes i que, per tant, les ones electromagnètiques emeses per les estacions bases no penetren. Aquestes zones requereixen d’un desplegament de noves infraestructures de telefonia mòbil per resoldre aquestes deficiències. Aquest projecte realitza l’estudi de cobertura per identificar i validar una zona deficient del servei de telefonia mòbil 112 i proposa el disseny d’una infraestructura de telecomunicacions que donaria solució a la zona deficient, prèvia validació amb eines de simulació radioelèctrica i visita a camp.</subfield>
   </datafield>
   <datafield tag="653" ind2=" " ind1=" ">
      <subfield code="a">Àrees temàtiques de la UPC::Enginyeria de la telecomunicació::Radiocomunicació i exploració electromagnètica::Comunicacions mòbils</subfield>
   </datafield>
   <datafield tag="653" ind2=" " ind1=" ">
      <subfield code="a">Cellular telephone systems</subfield>
   </datafield>
   <datafield tag="653" ind2=" " ind1=" ">
      <subfield code="a">Mobile</subfield>
   </datafield>
   <datafield tag="653" ind2=" " ind1=" ">
      <subfield code="a">Telefonia móvil</subfield>
   </datafield>
   <datafield tag="653" ind2=" " ind1=" ">
      <subfield code="a">Telefonia mòbil</subfield>
   </datafield>
   <datafield ind2="0" ind1="0" tag="245">
      <subfield code="a">Proposta solució ràdio per a la deficiència del servei TM112</subfield>
   </datafield>
   <datafield ind2="0" ind1="0" tag="245">
      <subfield code="a">Proposal of a radio solution for deficiency of the 112 mobile service</subfield>
   </datafield>
   <datafield ind2="0" ind1="0" tag="245">
      <subfield code="a">Propuesta solución radio para la deficiencia del servicio TM112</subfield>
   </datafield>
</record></metadata></record></GetRecord></OAI-PMH>